Hasičská technika Spot-55 - upravený podvozok tanku T-55 so špeciálnou nadstavbou

Bibliographic Details
Format: Article
Language:Slovak
Subjects:

MARC

LEADER 00000nab a2200000 a 4500
001 vtls008417467
003 SK-MaSNL
005 20260303070030.0
008 140617c2005 xo sr|p|||||||000 b|slo
015 |a SNBRB2005/12  |2 snkbucl 
038 |a SNKBUCL 
040 |a SNKBUCL  |b slo  |c SNKBUCL  |e AACR2 
041 0 |a slo 
044 |a xo  |c SK 
080 |a 614.842.6  |2 1997 
245 0 0 |a Hasičská technika  |b Spot-55 - upravený podvozok tanku T-55 so špeciálnou nadstavbou 
300 |b Fotogr. 
650 0 7 |a Spot-55 (hasičský automobil)  |2 snkbucl  |9 1066935 
650 0 7 |a technické parametre  |2 snkbucl  |9 452097 
650 0 7 |a požiarna technika  |2 snkbucl  |9 69222 
773 0 |t Požiarnik  |g Roč. LXXXII, č. 9 (2005), s. 19  |x 0231-617X 
852 |a SNK  |b KIS3GCP 
999 |c 1753625  |d 1755555